Statistics for BBC Ghosts Actors

Click here to take the quiz!

General Stats

  • This quiz has been taken 235 times
  • The average score is 8 of 12

Answer Stats

HintAnswer% Correct
The CaptainBen Willbond
84%
JulianSimon Farnaby
83%
PatJim Howick
82%
ThomasMathew Baynton
80%
FannieMartha Howe-Douglas
79%
MaryKaty Wix
77%
AlisonCharlotte Ritchie
75%
RobinLaurence Rickard
70%
Humphrey's HeadLaurence Rickard
70%
KittyLolly Adefope
66%
MikeKiell Smith-Bynoe
50%
Humphrey's BodyYani Alexandrov
3%

Score Distribution

Percentile by Number Answered

Percent of People with Each Score

Your Score History

You have not taken this quiz